| 000 | 01174nac a22002897a 4500 | ||
|---|---|---|---|
| 001 | BR8603001 | ||
| 003 | BR-BrBNA | ||
| 005 | 20240105120432.0 | ||
| 008 | 230509b bl.|||m| |||| 00| 0 por d | ||
| 040 |
_aBR-BrBNA _bpor _cBiblioteca Nacional de Agricultura |
||
| 072 | _aF70 | ||
| 090 | _a0316 BR8603001 | ||
| 100 | 1 | _aCosta, J.T. de M. | |
| 110 | 1 | _aUnidade de Execucao de Pesquisa de Ambito Estadual de Teresina, PI (Brasil) | |
| 245 | 1 | _aEstagio atual da taxonomia dos generos e especies da unidade Attalea (Palmae), no Brasil [Maximiliana, Orbignya, Scheelea, Markleya, Parascheelea] | |
| 246 | 1 | _a[Present taxonomical status of the genera and species of Attalea unit (Palmae)in Brazil [Maximiliana, Scheelea, Markleya, Parascheelea]] | |
| 260 | 3 |
_aTeresina, PI (Brasil): _c1985. |
|
| 300 | _a38 p. | ||
| 490 |
_aDocumentos - Unidade de Execucao de Pesquisa de Ambito Estadual de Teresina (Brazil) _vno. 4 _x |
||
| 500 | _aSummaries (En, Pt); Bibliography p. 30-35 (62 ref.) | ||
| 650 | _aBABACU | ||
| 650 | _aPIACAVA | ||
| 650 | _aPALMEIRA | ||
| 650 | _aTAXONOMIA VEGETAL | ||
| 909 |
_a202312 _bLúcia Elande _c55 _dLúcia Elande |
||
| 942 |
_2AGRIS _n0 _cMS |
||
| 999 |
_c279423 _d279423 |
||